Úprimné slowo woličom sučianskeho wolebného okresu

Podrobná bibliografia
Médium: Kniha
Jazyk:slovenčina
Fyzický popis:8 s. 20 cm
Vydavateľské údaje: Turč. Sw. Martin Kníhtlačiarsky účastinársky spolok 1879
Vydanie:[1. vyd.]
Predmet:

MARC

LEADER 00000nam a2200000 a 4500
001 vtls008425086
003 SK-MaSNL
005 20260301205249.0
008 180810s1879 xo d 000 0 slo
020 |q (brož.) 
040 |a SNK  |b slo  |c SNK  |e AACR2 
041 0 |a slo 
044 |a xo  |c SK 
072 7 |a 324  |x Voľby, volebné kampane, referendá  |2 konspekt 
080 |a 324  |2 2001 
080 |a (437.6)  |2 2001 
080 |a (041)  |2 2001 
245 0 0 |a Úprimné slowo woličom sučianskeho wolebného okresu 
250 |a [1. vyd.] 
260 |a Turč. Sw. Martin  |b Kníhtlačiarsky účastinársky spolok  |c 1879 
300 |a 8 s.  |c 20 cm 
648 7 |a 1879  |2 SNKPH  |9 351255 
650 0 7 |a voľby  |2 SNKPH  |9 1580 
651 7 |a Sučany (Slovensko)  |2 SNKPH  |9 51910 
655 7 |a letáky  |2 SNKPH  |9 70537 
958 |a ONDV 
999 |c 909522  |d 911452 
952 |a SNK  |b SNK  |y PREZ  |7 0  |p 17A0509086  |o snkSD 26960 D1  |i snk2006/20065  |8 1  |z Rok: 1879  |0 0  |1 0  |4 0  |d 2006-10-06  |l 0  |r 2026-02-24 07:39:36  |w 2026-02-24 
952 |a SNK  |b SNK  |y PREZ  |7 0  |p 17A0495311  |o snkSD 26960  |i snkD 412/65  |3 Rekatalogizácia  |0 0  |1 0  |4 0  |d 2006-01-19  |l 0  |r 2026-02-24 07:39:36  |w 2026-02-24